MARC

Tag First Indicator Second Indicator Subfields
LEADER 00000cam a22000008a 4500
001 in00000023662
005 20151007054304.0
008 870325s1987 nyu b 00100 eng
010 |a  87009494  
020 |a 0312009526 :  |c $25.00 (est.) 
035 |a (OCoLC)15519978 
035 |9 AAB4580AM 
040 |a DLC  |c DLC  |d m/c  |d TXA  |d UtOrBLW 
043 |a e-uk---  |a n-us--- 
049 |a TXAM  |c [A11112540] 
050 0 0 |a PR111  |b .W65 1987 
082 0 |a 820/.9/9287  |2 19 
245 0 0 |a Women reading women's writing /  |c edited by Sue Roe. 
263 |a 8709 
264 1 |a New York :  |b St. Martin's Press,  |c 1987. 
300 |a viii, 296 pages 
336 |a text  |b txt  |2 rdacontent 
337 |a unmediated  |b n  |2 rdamedia 
338 |a volume  |b nc  |2 rdacarrier 
504 |a Includes bibliographies and index. 
650 0 |a English literature  |x Women authors  |x History and criticism. 
650 0 |a American poetry  |x Women authors  |x History and criticism. 
650 0 |a Women and literature  |z Great Britain. 
650 0 |a Women and literature  |z United States. 
650 0 |a Feminism and literature. 
650 0 |a English literature  |y 19th century  |x History and criticism. 
650 0 |a English literature  |y 20th century  |x History and criticism. 
700 1 |a Roe, Sue. 
999 |a MARS 
999 f f |s 2eb529fc-0b6a-3700-93a9-6b199d6cf240  |i 4bf5a56a-5324-3a4d-97c5-ae1903c6d1ab  |t 0 
952 f f |p ric  |a Texas A&M University  |b Rellis Campus  |c Joint Library Facility  |d Remote Storage  |t 0  |e PR111 .W65 1987  |h Library of Congress classification  |i unmediated -- volume  |m A14811112540 
998 f f |a PR111 .W65 1987  |t 0  |l Remote Storage